[Event "Kottayam op"]
[Site "Kottayam"]
[Date "2025.05.06"]
[Round "9"]
[White "Jaidambareesh, NR."]
[Black "Karthikeyan, Pandian"]
[Result "1-0"]
[WhiteElo "2003"]
[BlackElo "2312"]
[PlyCount "65"]
[EventDate "2025.04.30"]
[EventType "swiss"]
[EventRounds "10"]
[EventCountry "IND"]
[SourceTitle "CB19_2025"]
[SourceDate "2025.05.07"]
[SourceVersion "1"]
[SourceVersionDate "2025.05.07"]
[SourceQuality "1"]

1. Nf3 c5 2. g3 Nc6 3. Bg2 e5 4. c4 g6 5. Nc3 Bg7 6. 0-0 Nge7 7. Ne1 h5 8. Nc2 h4 9. Ne3 d6 10. d3 Nd4 11. Ned5 Nxd5 12. cxd5 h3 13. Bh1 Bg4 14. Be3 0-0 15. f3 Bd7 16. Bd2 f5 17. e3 Nb5 18. f4 exf4 19. gxf4 g5 20. Nxb5 Bxb5 21. Bc3 g4 22. Bxg7 Kxg7 23. e4 Qf6 24. exf5 Qd4+ 25. Rf2 Rg8 26. Be4 Kf6 27. Qe1 g3 28. hxg3 Rxg3+ 29. Kh1 Rh8 30. Rf3 Rg2 31. Rxh3 Bxd3 32. Bxg2 Rxh3+ 33. Bxh3 1-0

[Event "Kottayam op"]
[Site "Kottayam"]
[Date "2025.05.04"]
[Round "7"]
[White "Afreed, T Khan"]
[Black "Karthikeyan, Pandian"]
[Result "1/2-1/2"]
[WhiteElo "1921"]
[BlackElo "2312"]
[PlyCount "62"]
[EventDate "2025.04.30"]
[EventType "swiss"]
[EventRounds "10"]
[EventCountry "IND"]
[SourceTitle "CB19_2025"]
[SourceDate "2025.05.07"]
[SourceVersion "1"]
[SourceVersionDate "2025.05.07"]
[SourceQuality "1"]

1. d4 Nf6 2. c4 e6 3. Nc3 Bb4 4. e3 0-0 5. Bd3 d5 6. Bd2 b6 7. cxd5 exd5 8. Nf3 Bb7 9. Ne5 Be7 10. Qf3 c5 11. Qh3 Bd6 12. 0-0 Re8 13. f4 Bf8 14. Rad1 Ba6 15. Bxa6 Nxa6 16. Be1 cxd4 17. Rxd4 Qc8 18. Qf3 Nc7 19. Bh4 Qe6 20. Bxf6 gxf6 21. Ng4 f5 22. Ne5 f6 23. Qg3+ Kh8 24. Nf3 Bc5 25. Rd3 Bxe3+ 26. Kh1 Rg8 27. Qh3 Bxf4 28. Nd4 Qe5 29. g3 Bg5 30. Rxf5 Qe8 31. Qf1 Rd8 1/2-1/2

[Event "Maharashtra op 3rd"]
[Site "Hadapsar"]
[Date "2025.04.25"]
[Round "7"]
[White "Mehar, Chinna Reddy CH"]
[Black "Karthikeyan, Pandian"]
[Result "1-0"]
[WhiteElo "2418"]
[BlackElo "2312"]
[PlyCount "85"]
[EventDate "2025.04.20"]
[EventType "swiss"]
[EventRounds "10"]
[EventCountry "IND"]
[SourceTitle "CB18_2025"]
[SourceDate "2025.04.30"]
[SourceVersion "1"]
[SourceVersionDate "2025.04.30"]
[SourceQuality "1"]

1. d4 Nf6 2. Nf3 g6 3. Bf4 Bg7 4. e3 0-0 5. h3 d6 6. Be2 b6 7. 0-0 Bb7 8. a4 a6 9. Bh2 Nbd7 10. Nbd2 c5 11. c3 Ra7 12. Bd3 Qa8 13. Qb1 cxd4 14. cxd4 Nd5 15. b4 a5 16. b5 Nb4 17. Rc1 Nxd3 18. Qxd3 Nf6 19. Qe2 Rc8 20. Ne1 Qb8 21. e4 Nd7 22. Qe3 Ba8 23. e5 dxe5 24. Nd3 Rac7 25. Rxc7 Rxc7 26. Nxe5 Nxe5 27. dxe5 Qd8 28. Re1 Rd7 29. Nf1 Rd3 30. Qe2 Bh6 31. e6 f6 32. f3 Rd4 33. Qc2 Bd5 34. Kh1 Bc4 35. Bg1 Bd3 36. Qc6 Rd6 37. Bxb6 Qb8 38. Qc7 Rxb6 39. Qxe7 Rb7 40. Qxb7 Qxb7 41. e7 Qxe7 42. Rxe7 Bxf1 43. b6 1-0

[Event "Maharashtra op 3rd"]
[Site "Hadapsar"]
[Date "2025.04.21"]
[Round "2"]
[White "Karthikeyan, Pandian"]
[Black "Chidvilash, Sai Surapaneni"]
[Result "0-1"]
[WhiteElo "2312"]
[BlackElo "2175"]
[PlyCount "126"]
[EventDate "2025.04.20"]
[EventType "swiss"]
[EventRounds "10"]
[EventCountry "IND"]
[SourceTitle "CB18_2025"]
[SourceDate "2025.04.30"]
[SourceVersion "1"]
[SourceVersionDate "2025.04.30"]
[SourceQuality "1"]

1. d4 d5 2. Nf3 Nf6 3. c4 c6 4. Nc3 e6 5. Bg5 Nbd7 6. e3 Be7 7. Bd3 dxc4 8. Bxc4 b5 9. Bd3 Bb7 10. 0-0 0-0 11. Rc1 a6 12. Bxf6 Nxf6 13. Ne4 Nd7 14. Qc2 f5 15. Nc5 Nxc5 16. dxc5 Bf6 17. Rfd1 Qc7 18. e4 g6 19. Qe2 fxe4 20. Bxe4 Rad8 21. h4 Qe7 22. Rxd8 Rxd8 23. g3 a5 24. b3 b4 25. Bd3 Bc8 26. Qe3 Kh8 27. Bc4 Bc3 28. Rxc3 bxc3 29. Qxc3+ Kg8 30. Ne5 Qf6 31. Kg2 Rd1 32. Qe3 Kg7 33. Bd3 Kg8 34. a4 Qd8 35. Be4 Ra1 36. Qf3 Qf8 37. Qc3 Ra2 38. Qd4 Re2 39. Bf3 Rc2 40. Nc4 e5 41. Nxe5 Qxc5 42. Qd8+ Kg7 43. Qc7+ Kf6 44. Nd3 Qf5 45. Nf4 Qc5 46. Nd3 Qf5 47. g4 Qxd3 48. g5+ Ke6 49. Bg4+ Kd5 50. Qd8+ Ke4 51. Qxc8 Qd2 52. Qf8 Kd4 53. Qd6+ Kc3 54. Qxc6+ Kxb3 55. Be6+ Ka3 56. Qb6 Qb4 57. Qe3+ Rc3 58. Qe5 Qc5 59. Qe2 Qc6+ 60. Kh2 Rc1 61. Qd3+ Qc3 62. Qd6+ Qc5 63. Qd3+ Kb2 0-1

[Event "Bengaluru Namma op 2nd"]
[Site "Bengaluru"]
[Date "2025.04.18"]
[Round "10"]
[White "Stany, George Anthony"]
[Black "Karthikeyan, Pandian"]
[Result "1-0"]
[WhiteElo "2454"]
[BlackElo "2312"]
[PlyCount "110"]
[EventDate "2025.04.10"]
[EventType "swiss"]
[EventRounds "10"]
[EventCountry "IND"]
[SourceTitle "CB18_2025"]
[SourceDate "2025.04.30"]
[SourceVersion "1"]
[SourceVersionDate "2025.04.30"]
[SourceQuality "1"]

1. e4 c6 2. d4 d5 3. e5 Bf5 4. Nf3 e6 5. Be2 Nd7 6. 0-0 h6 7. a4 a5 8. c3 Ne7 9. Na3 Be4 10. Ne1 c5 11. Nb5 Nc6 12. Bd3 cxd4 13. Bxe4 dxe4 14. cxd4 Ndxe5 15. Bf4 Ng6 16. Nc7+ Ke7 17. Bg3 Rc8 18. d5 Nce5 19. Nb5 Qxd5 20. Qe2 f5 21. f3 Qc4 22. Qxc4 Rxc4 23. b3 Rb4 24. Nc2 Rxb3 25. fxe4 f4 26. Be1 Kf7 27. Bxa5 Bc5+ 28. Kh1 Ng4 29. Be1 e5 30. g3 Rd8 31. Nc3 Nf6 32. Ra2 Ke6 33. a5 fxg3 34. hxg3 Rd3 35. a6 bxa6 36. Rxa6+ Rb6 37. Na4 Rxa6 38. Nxc5+ Kd6 39. Nxd3 Nxe4 40. Rf7 Ra2 41. Rxg7 Rxc2 42. Rxg6+ Kc7 43. Nxe5 Rc1 44. Nf3 Ng5 45. Kg2 Rc2+ 46. Nd2 Ne4 47. Re6 Nc5 48. Re3 Kd6 49. Kh3 Kd5 50. Nf3 Ne4 51. Rd3+ Kc5 52. Nd2 Ng5+ 53. Kg4 Kc6 54. Nf3 Ne4 55. Nd4+ Kd5 1-0

[Event "Bengaluru Namma op 2nd"]
[Site "Bengaluru"]
[Date "2025.04.17"]
[Round "9"]
[White "Vaz, Ethan"]
[Black "Karthikeyan, Pandian"]
[Result "1/2-1/2"]
[WhiteElo "2430"]
[BlackElo "2312"]
[PlyCount "60"]
[EventDate "2025.04.10"]
[EventType "swiss"]
[EventRounds "10"]
[EventCountry "IND"]
[SourceTitle "CB18_2025"]
[SourceDate "2025.04.30"]
[SourceVersion "1"]
[SourceVersionDate "2025.04.30"]
[SourceQuality "1"]

1. e4 c6 2. d4 d5 3. Nc3 dxe4 4. Nxe4 Nf6 5. Nxf6+ exf6 6. c3 Bd6 7. Bd3 0-0 8. Qc2 Re8+ 9. Ne2 h5 10. 0-0 h4 11. Nf4 Nd7 12. Qd1 Nf8 13. Qh5 Bd7 14. Bd2 f5 15. Nh3 g6 16. Qh6 Nh7 17. Bc4 Be6 18. Ng5 Nxg5 19. Bxg5 Bf8 20. Qxh4 Qb6 21. Bxe6 Rxe6 22. b3 Qa5 23. Qh3 Rae8 24. Qf3 Re2 25. a4 R8e4 26. h3 Qd5 27. Be3 Rb2 28. c4 Qa5 29. Qg3 Rxb3 30. Qb8 Qb4 1/2-1/2

[Event "Goa op"]
[Site "Taleigao"]
[Date "2025.01.17"]
[Round "8"]
[White "Sammed Jaykumar, Shete"]
[Black "Karthikeyan, Pandian"]
[Result "1-0"]
[WhiteElo "2379"]
[BlackElo "2286"]
[PlyCount "149"]
[EventDate "2025.01.11"]
[EventType "swiss"]
[EventRounds "10"]
[EventCountry "IND"]
[SourceTitle "CB04_2025"]
[SourceDate "2025.01.22"]
[SourceVersion "1"]
[SourceVersionDate "2025.01.22"]
[SourceQuality "1"]

1. e4 c6 2. Nf3 d5 3. exd5 cxd5 4. Ne5 Nc6 5. Bb5 Bd7 6. Nxd7 Qxd7 7. d4 e6 8. c3 Bd6 9. Nd2 a6 10. Bd3 e5 11. dxe5 Nxe5 12. Nf3 Nxd3+ 13. Qxd3 Ne7 14. 0-0 0-0 15. Bg5 f6 16. Be3 Rac8 17. Rad1 Qa4 18. Qb1 Qg4 19. Rfe1 Rfe8 20. Rd4 Qg6 21. Qd1 Qf7 22. Rd2 b5 23. a3 a5 24. Nd4 Rb8 25. a4 bxa4 26. Qxa4 Bc7 27. Red1 Qh5 28. Nf3 g5 29. h3 Qf7 30. Bc5 Bf4 31. Re2 Ng6 32. Rxe8+ Qxe8 33. Qxe8+ Rxe8 34. Rxd5 Bc1 35. Ba3 Rb8 36. Rd1 Nf4 37. g3 Bxb2 38. Rb1 Nd3 39. Nd2 a4 40. Kf1 Kf7 41. Ke2 Re8+ 42. Kxd3 Bxa3 43. Ra1 Rd8+ 44. Kc2 Be7 45. Rxa4 f5 46. Nf3 Bf6 47. Nd4 g4 48. h4 f4 49. Ne2 fxg3 50. fxg3 Re8 51. Kd3 Rd8+ 52. Ke3 Rc8 53. Kd3 Rd8+ 54. Kc2 Re8 55. Nf4 Be5 56. Re4 Bd6 57. Rxe8 Kxe8 58. Kd3 Kf7 59. Ke4 Kf6 60. c4 Bc5 61. Nd5+ Kg6 62. Kf4 h5 63. Ke5 Bf2 64. Nf4+ Kh6 65. Ne2 Kg6 66. Ke6 Be3 67. Nc3 Ba7 68. Ne4 Bb8 69. c5 Bc7 70. c6 Bb8 71. Nd6 Bc7 72. Kd7 Bb8 73. c7 Bxc7 74. Kxc7 Kf6 75. Kd7 1-0

[Event "Goa op"]
[Site "Taleigao"]
[Date "2025.01.16"]
[Round "7"]
[White "Karthikeyan, Pandian"]
[Black "Siddharth, Jagadeesh"]
[Result "1-0"]
[WhiteElo "2286"]
[BlackElo "2515"]
[PlyCount "111"]
[EventDate "2025.01.11"]
[EventType "swiss"]
[EventRounds "10"]
[EventCountry "IND"]
[SourceTitle "CB04_2025"]
[SourceDate "2025.01.22"]
[SourceVersion "1"]
[SourceVersionDate "2025.01.22"]
[SourceQuality "1"]

1. d4 Nf6 2. c4 e6 3. Nf3 b6 4. g3 Bb7 5. Bg2 Be7 6. 0-0 0-0 7. Nc3 Ne4 8. Bd2 Nxd2 9. Qxd2 d6 10. e4 Nd7 11. h4 a6 12. Rfe1 c5 13. d5 e5 14. a4 g6 15. Bh3 Nf6 16. Kg2 Nh5 17. Qe2 Bc8 18. Bxc8 Qxc8 19. Rh1 Qg4 20. Qe3 Kh8 21. Nh2 Qd7 22. Nf3 f6 23. Rag1 Rf7 24. Rh2 Qg4 25. Nd2 f5 26. Qf3 Nf4+ 27. Kf1 Qxf3 28. Nxf3 Nd3 29. Ke2 Nb4 30. Ne1 h5 31. f3 fxe4 32. Nxe4 b5 33. b3 bxc4 34. bxc4 Rb8 35. Rhg2 Na2 36. Nd3 Rb3 37. Nd2 Ra3 38. g4 Nc3+ 39. Ke3 Bxh4 40. gxh5 g5 41. Rc1 Rb7 42. Rxc3 Rxc3 43. Ne4 Ra3 44. Nxd6 Rbb3 45. Rd2 g4 46. Nf7+ Kh7 47. Nfxe5 gxf3 48. Nxf3 Be7 49. Ke4 Rxa4 50. Nde5 Bd6 51. Ng5+ Kg8 52. h6 Bxe5 53. Kxe5 Rxc4 54. h7+ Kg7 55. d6 Rg4 56. d7 1-0

[Event "Goa op"]
[Site "Taleigao"]
[Date "2025.01.12"]
[Round "3"]
[White "Karthikeyan, Pandian"]
[Black "Ayush, Sharma"]
[Result "0-1"]
[WhiteElo "2286"]
[BlackElo "2469"]
[PlyCount "78"]
[EventDate "2025.01.11"]
[EventType "swiss"]
[EventRounds "10"]
[EventCountry "IND"]
[SourceTitle "CB04_2025"]
[SourceDate "2025.01.22"]
[SourceVersion "1"]
[SourceVersionDate "2025.01.22"]
[SourceQuality "1"]

1. c4 e5 2. g3 Nf6 3. Bg2 Nc6 4. a3 d5 5. cxd5 Nxd5 6. d3 g6 7. Bd2 Bg7 8. Nc3 Nde7 9. Nf3 0-0 10. 0-0 a5 11. Rc1 h6 12. Na4 Nf5 13. Ne1 Ncd4 14. e3 Ne6 15. h4 c6 16. h5 g5 17. b3 Re8 18. Nb2 Ne7 19. b4 axb4 20. axb4 b5 21. Qe2 Bb7 22. Nd1 Qd7 23. Nc3 f5 24. g4 f4 25. Be4 Nc7 26. Bf3 Ned5 27. Ne4 Ne6 28. Nc2 Ra2 29. Na1 Nxb4 30. Bxb4 Rxe2 31. Bxe2 c5 32. Bxc5 Bxe4 33. dxe4 Nxc5 34. Rxc5 fxe3 35. Rd5 exf2+ 36. Kg2 Qa7 37. Nc2 Rc8 38. Ra1 f1Q+ 39. Kxf1 Qf7+ 0-1

[Event "Chennai op 15th"]
[Site "Chennai"]
[Date "2025.01.09"]
[Round "10"]
[White "Mayank, Chakraborty"]
[Black "Karthikeyan, Pandian"]
[Result "1/2-1/2"]
[WhiteElo "2457"]
[BlackElo "2286"]
[PlyCount "79"]
[EventDate "2025.01.02"]
[EventType "swiss"]
[EventRounds "10"]
[EventCountry "IND"]
[SourceTitle "CB03_2025"]
[SourceDate "2025.01.15"]
[SourceVersion "1"]
[SourceVersionDate "2025.01.15"]
[SourceQuality "1"]

1. e4 c6 2. d4 d5 3. f3 e6 4. Nc3 Bb4 5. Bd2 Ne7 6. h4 Nd7 7. Nce2 Ba5 8. h5 h6 9. e5 c5 10. f4 f6 11. Nf3 0-0 12. Bxa5 Qxa5+ 13. c3 fxe5 14. fxe5 Nb6 15. dxc5 Nc4 16. Ned4 Nxb2 17. Qb3 Na4 18. Qb4 Qxc5 19. Rc1 Bd7 20. Qxb7 Nb6 21. Qa6 Nf5 22. Nb3 Qe3+ 23. Qe2 Qf4 24. Qd2 Qe4+ 25. Kf2 Qg4 26. Rh3 Be8 27. Nc5 Bf7 28. Kg1 Rac8 29. Qf2 Nc4 30. Rb1 Nce3 31. Rb4 Qxh3 32. gxh3 Rxc5 33. Nd4 Rxc3 34. Rb3 Rc1 35. Rxe3 Nxd4 36. Qd2 Rxf1+ 37. Kxf1 Bxh5+ 38. Kg2 Nf5 39. Rb3 d4 40. Rd3 1/2-1/2

[Event "Chennai op 15th"]
[Site "Chennai"]
[Date "2025.01.08"]
[Round "9"]
[White "Karthikeyan, Pandian"]
[Black "Kumar S, Madhesh"]
[Result "1-0"]
[WhiteElo "2286"]
[BlackElo "2006"]
[PlyCount "117"]
[EventDate "2025.01.02"]
[EventType "swiss"]
[EventRounds "10"]
[EventCountry "IND"]
[SourceTitle "CB03_2025"]
[SourceDate "2025.01.15"]
[SourceVersion "1"]
[SourceVersionDate "2025.01.15"]
[SourceQuality "1"]

1. c4 Nf6 2. g3 c6 3. Bg2 d5 4. Nf3 g6 5. b3 Bg7 6. Bb2 0-0 7. 0-0 Bf5 8. d3 Re8 9. Nbd2 Nbd7 10. Nd4 Bg4 11. h3 e5 12. Nxc6 bxc6 13. hxg4 Bh6 14. Bh3 e4 15. cxd5 e3 16. dxc6 Ne5 17. Bxe5 Rxe5 18. Nc4 exf2+ 19. Rxf2 Be3 20. Nxe5 Qd6 21. Kg2 Qxe5 22. Rf3 Nd5 23. g5 Qxg5 24. Qf1 Qe7 25. Bd7 h5 26. Kh1 h4 27. Qh3 hxg3 28. Qxg3 Kg7 29. Raf1 f6 30. Qg4 Bg5 31. Qe6 Qc5 32. Be8 Qf8 33. Bxg6 Nc7 34. Qf5 Qd6 35. Rh3 Qxc6+ 36. Qe4 Qxe4+ 37. Bxe4 Rc8 38. Bf5 Rh8 39. Rxh8 Kxh8 40. Kg2 Nb5 41. Rh1+ Kg8 42. Kf2 Nc3 43. a3 Nb5 44. a4 Nd4 45. Be4 a5 46. e3 Nc2 47. Rh3 Kf8 48. d4 Na1 49. Bd5 Ke7 50. Ke2 Kd6 51. Bc4 Nc2 52. Kd3 Nb4+ 53. Kc3 Ke7 54. Rh7+ Kd6 55. Kd2 Nc6 56. Ke2 f5 57. Rh5 Bf6 58. Rxf5 Bxd4 59. Rd5+ 1-0

[Event "Madurai Athens of the East op-A 4th"]
[Site "Madurai"]
[Date "2024.12.30"]
[Round "9"]
[White "Nithin, Babu"]
[Black "Karthikeyan, Pandian"]
[Result "0-1"]
[WhiteElo "2282"]
[BlackElo "2290"]
[PlyCount "98"]
[EventDate "2024.12.24"]
[EventType "swiss"]
[EventRounds "10"]
[EventCountry "IND"]
[SourceTitle "CB02_2025"]
[SourceDate "2025.01.08"]
[SourceVersion "1"]
[SourceVersionDate "2025.01.08"]
[SourceQuality "1"]

1. c4 Nf6 2. g3 e6 3. Bg2 d5 4. Nf3 d4 5. 0-0 c5 6. e3 Nc6 7. exd4 cxd4 8. d3 h6 9. Bf4 Bd6 10. Bxd6 Qxd6 11. Re1 0-0 12. Nbd2 Rb8 13. Qe2 a5 14. Ne4 Nxe4 15. Qxe4 Rd8 16. Ne5 Nb4 17. Qe2 Bd7 18. b3 Be8 19. a3 Na6 20. f4 b5 21. Reb1 f6 22. cxb5 Bxb5 23. Nc4 Bxc4 24. bxc4 Nc7 25. a4 Rb4 26. Rxb4 axb4 27. a5 b3 28. Bb7 Qb4 29. a6 Rd6 30. Bc8 Qc3 31. Rb1 Nxa6 32. Bxe6+ Kf8 33. Bf5 Qc2 34. Qxc2 bxc2 35. Rc1 Nb4 36. Kf1 Ra6 37. Ke2 Ke7 38. Kd2 Kd6 39. Bg6 Kc5 40. Bf5 Ra3 41. Be4 Kb6 42. h4 Ka5 43. c5 Rc3 44. c6 Ka4 45. Ra1+ Kb3 46. Kc1 Nxd3+ 47. Bxd3 Rxd3 48. Ra3+ Kxa3 49. c7 Rc3 0-1

[Event "Madurai Athens of the East op-A 4th"]
[Site "Madurai"]
[Date "2024.12.26"]
[Round "3"]
[White "Aronyak, Ghosh"]
[Black "Karthikeyan, Pandian"]
[Result "1-0"]
[WhiteElo "2547"]
[BlackElo "2290"]
[PlyCount "71"]
[EventDate "2024.12.24"]
[EventType "swiss"]
[EventRounds "10"]
[EventCountry "IND"]
[SourceTitle "CB02_2025"]
[SourceDate "2025.01.08"]
[SourceVersion "1"]
[SourceVersionDate "2025.01.08"]
[SourceQuality "1"]

1. d4 d5 2. c4 e6 3. Nc3 Bb4 4. cxd5 exd5 5. Bf4 Ne7 6. Qa4+ Nbc6 7. e3 0-0 8. Rc1 Ng6 9. Bg3 f5 10. f4 Kh8 11. Nf3 Bd7 12. Qd1 Qe8 13. Kf2 Nce7 14. h4 Bxc3 15. Rxc3 Ng8 16. h5 N6e7 17. Ne5 Nf6 18. Bd3 Nc6 19. h6 g6 20. Kg1 Ng4 21. Be2 Nf6 22. Bf3 Ne4 23. Bxe4 fxe4 24. Qb3 Nxe5 25. dxe5 Bc6 26. Bh4 Qd7 27. Bg5 Rae8 28. Qb4 Kg8 29. Qd4 a6 30. Bf6 b6 31. b4 Bb5 32. f5 gxf5 33. Rh5 Kf7 34. Rg5 Rg8 35. Rxc7 Qxc7 36. Qxd5+ 1-0

[Event "Bhubaneswar Odisha op"]
[Site "Bhubaneswar"]
[Date "2024.12.21"]
[Round "9"]
[White "Karthikeyan, Pandian"]
[Black "Kushagra, Mohan"]
[Result "1/2-1/2"]
[WhiteElo "2290"]
[BlackElo "2417"]
[PlyCount "65"]
[EventDate "2024.12.15"]
[EventType "swiss"]
[EventRounds "10"]
[EventCountry "IND"]
[SourceTitle "CB52_2024"]
[SourceDate "2024.12.25"]
[SourceVersion "1"]
[SourceVersionDate "2024.12.25"]
[SourceQuality "1"]

1. e4 e5 2. Nf3 Nc6 3. d4 exd4 4. Nxd4 Nf6 5. Nxc6 bxc6 6. Qe2 Bc5 7. e5 Nd5 8. c4 Nb6 9. Qg4 g6 10. Bg5 Be7 11. Bh6 d5 12. Qg3 Nxc4 13. Bxc4 dxc4 14. 0-0 Qd3 15. Be3 Rb8 16. e6 0-0 17. Nc3 Bxe6 18. Rad1 Bd6 19. Qh4 Qf5 20. Bh6 Qh5 21. Qxh5 gxh5 22. Bxf8 Kxf8 23. Rd2 Bf4 24. Re2 Bf5 25. Ne4 Be5 26. Rc1 Rb4 27. a3 Rxb2 28. Rxb2 Bxb2 29. Rxc4 Bxa3 30. Ra4 Bd6 31. Nxd6 cxd6 32. Rxa7 c5 33. Rc7 1/2-1/2

[Event "Bhubaneswar Odisha op"]
[Site "Bhubaneswar"]
[Date "2024.12.18"]
[Round "5"]
[White "Md, Imran"]
[Black "Karthikeyan, Pandian"]
[Result "1/2-1/2"]
[WhiteElo "2430"]
[BlackElo "2290"]
[PlyCount "62"]
[EventDate "2024.12.15"]
[EventType "swiss"]
[EventRounds "10"]
[EventCountry "IND"]
[SourceTitle "CB52_2024"]
[SourceDate "2024.12.25"]
[SourceVersion "1"]
[SourceVersionDate "2024.12.25"]
[SourceQuality "1"]

1. d4 Nf6 2. Bg5 g6 3. Bxf6 exf6 4. g3 Bg7 5. Bg2 f5 6. e3 0-0 7. Ne2 d6 8. 0-0 Nd7 9. c4 Nf6 10. Nbc3 Re8 11. Qc2 a5 12. a3 c6 13. Rad1 h5 14. b4 h4 15. d5 hxg3 16. hxg3 axb4 17. axb4 Ng4 18. dxc6 Qg5 19. Nd5 Qh6 20. Rfe1 bxc6 21. Nc7 Bb7 22. Nxe8 c5 23. Rd5 Rxe8 24. Nf4 cxb4 25. Qa4 Ra8 26. Qxb4 Ra2 27. Re2 Bxd5 28. cxd5 Ra1+ 29. Re1 Ra2 30. Re2 Ra8 31. Re1 Ra2 1/2-1/2

[Event "SRI-ch Dini"]
[Site "Colombo"]
[Date "2024.08.03"]
[Round "9"]
[White "Karthikeyan, Pandian"]
[Black "Hettiarachchi, Jeewantha Aloka"]
[Result "1-0"]
[WhiteElo "2316"]
[BlackElo "1731"]
[PlyCount "71"]
[EventDate "2024.07.29"]
[EventType "swiss"]
[EventRounds "10"]
[EventCountry "SRI"]
[SourceTitle "CBM 221 Extra"]
[Source "ChessBase"]
[SourceDate "2024.09.30"]
[SourceVersion "1"]
[SourceVersionDate "2024.09.30"]
[SourceQuality "1"]

1. d4 d5 2. c4 e6 3. Nc3 c6 4. e4 dxe4 5. Nxe4 Bb4+ 6. Bd2 Bxd2+ 7. Qxd2 Nf6 8. Nc3 0-0 9. Nf3 b6 10. 0-0-0 Bb7 11. Qf4 Qe7 12. Bd3 Nbd7 13. Rhe1 Rfc8 14. Qh4 Nf8 15. Re3 Re8 16. g4 a5 17. g5 N6d7 18. Ne5 Nxe5 19. dxe5 Red8 20. Rg1 Rxd3 21. Rxd3 b5 22. Rh3 Qc5 23. Ne4 Qxc4+ 24. Kb1 Ng6 25. Qxh7+ Kf8 26. Nd6 Qf4 27. Nxb7 Qxe5 28. Rc1 Ke7 29. Re3 Qf5+ 30. Ka1 Qxf2 31. Ree1 Kf8 32. Nc5 Re8 33. Nxe6+ Rxe6 34. Rxe6 fxe6 35. Qxg6 a4 36. Qxe6 1-0

[Event "SRI-ch Dini"]
[Site "Colombo"]
[Date "2024.08.02"]
[Round "8"]
[White "Dishank, Sachin Bajaj"]
[Black "Karthikeyan, Pandian"]
[Result "0-1"]
[WhiteElo "1971"]
[BlackElo "2316"]
[PlyCount "114"]
[EventDate "2024.07.29"]
[EventType "swiss"]
[EventRounds "10"]
[EventCountry "SRI"]
[SourceTitle "CBM 221 Extra"]
[Source "ChessBase"]
[SourceDate "2024.09.30"]
[SourceVersion "1"]
[SourceVersionDate "2024.09.30"]
[SourceQuality "1"]

1. e4 Nc6 2. Nf3 e5 3. Bc4 Nf6 4. d3 h6 5. c3 d6 6. Nbd2 Be7 7. Bb3 0-0 8. 0-0 Na5 9. Bc2 c5 10. h3 Nc6 11. Re1 Re8 12. Nf1 Bf8 13. d4 cxd4 14. cxd4 Bd7 15. Ng3 Rc8 16. Be3 exd4 17. Bxd4 Nxd4 18. Nxd4 Qb6 19. Re2 g6 20. Bb3 h5 21. Qd3 Qa6 22. Qf3 Bg7 23. Rd1 Ba4 24. Ndf5 gxf5 25. Nxf5 Bxb3 26. Rxd6 Rc1+ 27. Kh2 Ng4+ 28. hxg4 Be5+ 29. g3 Bxd6 30. axb3 Bf8 31. gxh5 Qf6 32. Qf4 Rc5 33. e5 Rexe5 34. Nh6+ Qxh6 35. Rxe5 Qxf4 36. gxf4 Rxe5 37. fxe5 Bc5 38. f4 Bd4 39. Kg3 Bxb2 40. Kf3 a5 41. Ke4 b5 42. f5 a4 43. h6 a3 44. e6 fxe6 45. fxe6 a2 46. Kd5 a1Q 47. h7+ Kxh7 48. e7 Qe1 49. Kd6 Bf6 50. b4 Qxe7+ 51. Kc6 Qxb4 52. Kb6 Qc4 53. Ka5 Bd8+ 54. Ka6 Qc6+ 55. Ka7 Bb6+ 56. Kb8 Qc7+ 57. Ka8 Qa7# 0-1

[Event "SRI-ch Dini"]
[Site "Colombo"]
[Date "2024.07.31"]
[Round "4"]
[White "Dandeniya, DDLN"]
[Black "Karthikeyan, Pandian"]
[Result "1/2-1/2"]
[WhiteElo "1939"]
[BlackElo "2316"]
[PlyCount "42"]
[EventDate "2024.07.29"]
[EventType "swiss"]
[EventRounds "10"]
[EventCountry "SRI"]
[SourceTitle "CBM 221 Extra"]
[Source "ChessBase"]
[SourceDate "2024.09.30"]
[SourceVersion "1"]
[SourceVersionDate "2024.09.30"]
[SourceQuality "1"]

1. d4 Nf6 2. c4 e6 3. Nf3 d5 4. g3 dxc4 5. Bg2 a6 6. 0-0 Nc6 7. e3 Rb8 8. Nfd2 e5 9. Bxc6+ bxc6 10. dxe5 Ng4 11. Nxc4 Be6 12. Qe2 h5 13. Rd1 Qc8 14. f3 Bxc4 15. Qxc4 Nxe5 16. Qe4 Qe6 17. f4 Ng4 18. Qxe6+ fxe6 19. h3 Nf6 20. Nc3 Bb4 21. Bd2 Ke7 1/2-1/2

[Event "Cappelle op 40th"]
[Site "Cappelle la Grande"]
[Date "2024.03.04"]
[Round "3"]
[White "Karthikeyan, Pandian"]
[Black "Tarhan, Adar"]
[Result "0-1"]
[WhiteElo "2306"]
[BlackElo "2432"]
[PlyCount "51"]
[EventDate "2024.03.02"]
[EventType "swiss"]
[EventRounds "9"]
[EventCountry "FRA"]
[SourceTitle "CBM 219 Extra"]
[Source "ChessBase"]
[SourceDate "2024.05.31"]
[SourceVersion "1"]
[SourceVersionDate "2024.05.31"]
[SourceQuality "1"]

1. d4 Nf6 2. Nf3 e6 3. Bf4 b6 4. e3 Bb7 5. Be2 h6 6. h3 g5 7. Bh2 Rg8 8. Qd3 Be4 9. Qd1 h5 10. Nbd2 Bb7 11. c3 g4 12. hxg4 hxg4 13. Ne5 Rh8 14. Kf1 g3 15. fxg3 Nd5 16. Kf2 Qg5 17. Nf1 Nc6 18. Nxc6 dxc6 19. Bf3 0-0-0 20. e4 Ne7 21. g4 Ng6 22. Qd2 Qh4+ 23. g3 Qe7 24. Bg1 Rxh1 25. Bxh1 c5 26. Ke1 0-1

[Event "Cappelle op 40th"]
[Site "Cappelle la Grande"]
[Date "2024.03.03"]
[Round "2"]
[White "Karthikeyan, Pandian"]
[Black "Lodici, Lorenzo"]
[Result "1-0"]
[WhiteElo "2306"]
[BlackElo "2558"]
[PlyCount "91"]
[EventDate "2024.03.02"]
[EventType "swiss"]
[EventRounds "9"]
[EventCountry "FRA"]
[SourceTitle "CBM 219 Extra"]
[Source "ChessBase"]
[SourceDate "2024.05.31"]
[SourceVersion "1"]
[SourceVersionDate "2024.05.31"]
[SourceQuality "1"]

1. d4 Nf6 2. Nf3 e6 3. Bf4 Be7 4. c4 b6 5. Nc3 Bb7 6. Qc2 Bb4 7. e3 c5 8. dxc5 bxc5 9. 0-0-0 0-0 10. Nb5 d5 11. Nc7 Nbd7 12. Nxa8 Qxa8 13. Ne5 Nb6 14. a3 Ba5 15. f3 dxc4 16. Nxc4 Nxc4 17. Bxc4 Nd5 18. Rd3 Nxf4 19. exf4 Qb8 20. g3 Bd8 21. Qb3 Bf6 22. f5 exf5 23. Re1 Qc7 24. Qb5 Bd4 25. Qe8 Be4 26. Bxf7+ Qxf7 27. Qxf7+ Rxf7 28. fxe4 Re7 29. e5 Kf7 30. e6+ Kf6 31. Rb3 Be5 32. Kc2 Kxe6 33. Rb8 c4 34. Rc8 Kd5 35. Rd1+ Ke4 36. Rxc4+ Kf3 37. Rc5 f4 38. Re1 fxg3 39. hxg3 Bf6 40. Rxe7 Bxe7 41. Rc7 Bf6 42. Rxa7 Kxg3 43. a4 h5 44. a5 h4 45. a6 h3 46. Rxg7+ 1-0